Pórtico : Revista de la Editorial Costa Rica.
Guardat en:
| Format: | Desconegut |
|---|---|
| Idioma: | Spanish |
| Publicat: |
San José, Costa Rica :
Editorial Costa Rica,
1963.
|
| Matèries: | |
| Etiquetes: |
Afegir etiqueta
Sense etiquetes, Sigues el primer a etiquetar aquest registre!
|
MARC
| LEADER | 000000000a22000000004500 | ||
|---|---|---|---|
| 001 | 003431 | ||
| 041 | 0 | |a spa | |
| 245 | 0 | 0 | |a Pórtico : |b Revista de la Editorial Costa Rica. |
| 260 | 1 | |a San José, Costa Rica : |b Editorial Costa Rica, |c 1963. | |
| 300 | |a 208 páginas | ||
| 650 | 4 | |a LITERATURA COSTARRICENSE | |
| 650 | 4 | |a PUBLICACIONES PERIODICAS COSTARRICENSES | |
| 942 | |c ARC | ||
| 999 | |c 10010 |d 10010 | ||
